Propuesta de revisión y actualización de normativa para instalación, uso y desmontaje de grúas torre en Costa Rica
Guardat en:
| Autor principal: | |
|---|---|
| Altres autors: | |
| Format: | Llibre |
| Idioma: | Spanish |
| Publicat: |
[San José], Costa Rica
2013
|
| Matèries: | |
| Etiquetes: |
Afegir etiqueta
Sense etiquetes, Sigues el primer a etiquetar aquest registre!
|
MARC
| LEADER | 00000nam a22000007a 4500 | ||
|---|---|---|---|
| 003 | 011681 | ||
| 005 | 20240110101625.0 | ||
| 008 | 151007b2013 cr a|||| |||| 00| 0 spa d | ||
| 040 | |c cru CEDI | ||
| 090 | |a TFG 6851 | ||
| 100 | |a Rodríguez Ramírez, Mario Antonio, 1987- |9 2124 | ||
| 245 | |a Propuesta de revisión y actualización de normativa para instalación, uso y desmontaje de grúas torre en Costa Rica | ||
| 260 | |a [San José], Costa Rica |c 2013 | ||
| 500 | |a Tesis de graduación (licenciatura en ingeniería civil)--Universidad de Costa Rica. Facultad de Ingeniería. Escuela de Ingeniería Civil | ||
| 501 | |a Director de Proyecto de Tesis: Ing. Luis Gustavo Ruiz Cano | ||
| 650 | |x GRUAS DE TORRE - MONTAJE - COSTA RICA |x MONTAJE DE MAQUINAS |x NORMAS TECNICAS |x CONSTRUCCION - COSTA RICA |x CONSTRUCCION - ACCIDENTES |x INSTALACION DE EQUIPO INDUSTRIAL |9 1361 | ||
| 700 | |a Ruiz Cano, Luis Gustavo, 1981- |d Director del TFG |9 216 | ||
| 942 | |c TFG |h TFG 6851 |i 011681 |6 TFG_6851_011681000000000 | ||
| 999 | |c 14093 |d 14093 | ||
